| 000 | 00597cam a2200169 4500 | ||
|---|---|---|---|
| 001 | ABS61108 | ||
| 008 | 000000n 000 0 eng u | ||
| 035 | _a(Sirsi) u101665 | ||
| 100 | _aRoskrow, B. | ||
| 245 | _aHome front . | ||
| 490 |
_aBuilding Trade and Industry _v15(8) August 1999, 11-18(6) |
||
| 520 | _aA feature on the housebuilding industry, including articles on urban development and companies such as Surebuild and Ty Homes who are leading the way in new housing techniques. | ||
| 650 | _aURBAN DEVELOPMENT | ||
| 690 | _aHOUSING-DEVELOPMENT | ||
| 700 | _aFaulkner, G. | ||
| 942 | _n0 | ||
| 999 |
_c60793 _d60793 |
||